000 00858nam a2200217Ia 4500
001 1633
003 GE_BSU
008 181216s||||||||xx |||||||||||||| ||und||
020 _a9789941412608
040 _cGE_BSU
080 _a616.13.004.6
245 _aქოლესტერინი და მისი როლი ათელოსკლეროზის ჩამოყალიბებაში.
245 _cრედ. ილია ნაკაშიძე.
260 _aბათუმი
260 _bშოთა რუსთაველის სახ.უნ–ტი
260 _c2011
300 _a67 გვ. 29 სმ.
541 _h3 ლ.
653 _aქოლესტერინი და მისი როლი ათელოსკლეროზის ჩამოყალიბებაში.
942 _cBK
999 _c35754
_d35754